[Event "IECC M email"]
[Site "IECC email"]
[Date "2000.01.15"]
[Round "?"]
[White "Fan, Andrew"]
[Black "Dixon, Clare"]
[Result "1-0"]
[WhiteElo "1028"]
[BlackElo "1118"]
[PlyCount "39"]
[EventDate "2000.??.??"]
[EventType "tourn (corr)"]
[EventRounds "2"]
[SourceTitle "Corr 2008"]
[Source "ChessBase"]
[SourceDate "2008.06.24"]
[SourceVersion "1"]
[SourceVersionDate "2008.06.24"]
[SourceQuality "1"]

1. e4 e6 2. d4 d5 3. exd5 exd5 4. Nf3 Nc6 5. Bb5 Bd7 6. Nc3 a6 7. Qe2+ Be7 8. Bxc6 Bxc6 9. 0-0 Nf6 10. Re1 Ng8 11. Ne5 Nh6 12. Bg5 Bxg5 13. Nxc6+ Kd7 14. Nxd8 Raxd8 15. Nxd5 Rhe8 16. Qd3 f5 17. Qg3 f4 18. Qxg5 Nf7 19. Qf5+ Kd6 20. Qxf7 1-0

[Event "IECC M email"]
[Site "IECC email"]
[Date "1999.10.02"]
[Round "?"]
[White "Dixon, Clare"]
[Black "Miller, John A"]
[Result "1-0"]
[WhiteElo "1096"]
[BlackElo "1000"]
[PlyCount "55"]
[EventDate "1999.??.??"]
[EventType "tourn (corr)"]
[EventRounds "6"]
[SourceTitle "Corr 2008"]
[Source "ChessBase"]
[SourceDate "2008.06.24"]
[SourceVersion "1"]
[SourceVersionDate "2008.06.24"]
[SourceQuality "1"]

1. e4 e5 2. Nc3 b5 3. Bxb5 Bc5 4. d3 Qf6 5. Nf3 c6 6. Bc4 Qg6 7. 0-0 d5 8. exd5 f5 9. Nxe5 Qf6 10. Bf4 g5 11. Qh5+ Kd8 12. Bxg5 Qxg5 13. Qxg5+ Be7 14. Nf7+ Ke8 15. Qh5 cxd5 16. Nxh8+ Kd8 17. Nf7+ Kc7 18. Nxd5+ Kb7 19. Qxh7 Nc6 20. Qxg8 Nd4 21. Rfe1 Bd7 22. Qg3 Rc8 23. Rxe7 Rf8 24. Rxd7+ Ka8 25. Qc7 Ne2+ 26. Kf1 Rxf7 27. Rxf7 a5 28. Qa7# 1-0